Представление документа в формате RUSMARC

ПолеНазваниеЗначение
  Тип записи a
  Библиографический уровень m
001 Контрольный номер RU/SLIB/B/208757847
005 Дата корректировки 20201206204201.6
010 Индекс ISBN __
d Цена 78 000-00
101 Язык документа __
a Язык текста rus
200 Заглавие и сведения об ответственности __
a Заглавие Шедевры Государственной Третьяковской галереи
b Общее обозначение материала Текст
210 Выходные данные __
a Место издания [Б. м.]
c Издательство Гос. третьяк. галерея
d Дата издания 1994
215 Физическое описание __
a Объем 160 с.
c Иллюстрации/тип воспроизводства ил.
601 Наименование организации как предмет __
a Наименование организации как предмет Третьяковская галерея
606 Тематические рубрики __
a Основная рубрика Изобразительное искусство и архитектура
y Географическая подрубрика Россия
610 Ключевые слова __
a Ключевые слова галереи
686 Индексы других классификаций __
a Классификационный индекс 85.101.3(2-2Москва)-2
a Классификационный индекс 85.143(2)1
801 Источник записи _0
a Страна RU
b Организация Муниципальное бюджетное учреждение культуры "Централизованная библиотечная система" г. Сургут (Центральная городская библиотека им. А. С. Пушкина)
g Правила каталогизации КиК/Уланова
801 Источник записи _1
a Страна RU
b Организация Муниципальное бюджетное учреждение культуры "Централизованная библиотечная система" г. Сургут (Центральная городская библиотека им. А. С. Пушкина)
g Правила каталогизации КиК/Уланова
852 Данные о местонахождении __
j Шифр хранения 85.101.3(2-2Москва)-2
c Каталожный индекс 85.101, 85.143(2)1
i Авторский знак Ш 38
p Инвентарный номер 61304
901 Тип документа __
t Тип документа m
990 Данные о заказе (DOS) __
j Количество экземпляров (DOS) 1